000 01087cam a22003137a 4500
003 CHAP
005 20220329135014.0
008 971013s1984 r 00010 d
010 _a29413
011 _a30385
035 _a34497
040 _cCHAP
082 _a021.65
_bM3
100 0 0 _aMagaloni de Bustamante, Ana María.
_969778
245 1 4 _aUna alternativa para evaluar y diseñar servicios especializados de información documental
260 _aMéxico, D.F. :
_bUniversidad Nacional Autónoma de México. Centro Universitario de Investigaciones Bibliográficas,
_c1984
300 _a153 p
490 0 _aMonografía
_v; 1
590 _aBATCH-UPD
_b10
_c20130110
_lUCH01
_h1302
590 _aBATCH-UPD
_b10
_c20130410
_lUCH01
_h0820
590 _aBATCH-UPD
_b10
_c20130914
_lUCH01
_h1211
590 _aCONVERSION
_b10
_c20130109
_lUCH01
_h1317
650 1 4 _aDocumentación.
_933172
650 1 4 _aSistema de información.
_9106707
830 0 _aMonografía
_v; 1
_977546
901 _aBK
942 _cLIBRO
949 _a021.65 M3
_bBC
_cB
_d-79793
_eB
_gI.c/e
_h68070
_i34497
_si
_t900.00
999 _c29413
_d29413